| 000 | 00808nas a2200253 4500 | ||
|---|---|---|---|
| 001 | BR7600082 | ||
| 003 | BR-BrBNA | ||
| 005 | 20231205082845.0 | ||
| 007 | ta | ||
| 008 | 230509b bl.|||p| |||| 00| 00por d | ||
| 040 |
_aBR-BrBNA _bpor _cBiblioteca Nacional de Agricultura |
||
| 041 | _a(Pt) | ||
| 072 | _aF00; P12 | ||
| 100 | 1 | _aRighes, A.A. | |
| 245 | 1 | _aEfeitos da irrigacao e drenagem em tres epocas de semeadura, na cultura do milho em resteva de arroz [Brasil] | |
| 650 | _aMILHO | ||
| 650 | _aRESTEVA | ||
| 650 | _aARROZ | ||
| 650 | _aSEMEADURA | ||
| 650 | _aRIO GRANDE DO SUL | ||
| 773 | 0 |
_tRevista da Faculdade de Agronomia da Universidade Federal do Rio Grande do Sul (Brazil) _x _g(1975), v. 1(1) p. 201-205 _wBR7600082 |
|
| 909 |
_a202311 _bLúcia _c55 _dLúcia Elande |
||
| 942 |
_2AGRIS _n0 _cANA |
||
| 999 |
_c94664 _d94664 |
||